| 000 | 04190cam a22005894i 4500 | ||
|---|---|---|---|
| 003 | PE-LiUPU | ||
| 005 | 20250731172840.0 | ||
| 008 | 160524s2015 miu r 001 0 eng d | ||
| 020 |
_a0310491703 _qpaperback |
||
| 020 |
_a9780310491705 _qpaperback |
||
| 035 | _a(Sirsi) i9780310491705 | ||
| 040 |
_aDLC _erda _bspa _cDLC _dYDX _dBTCTA _dBDX _dOCLCF _dYDXCP _dWIO _dDTM _dOCLCO _dLNT _dOCLCO _dPE-LiUPU |
||
| 049 | _aPRUA | ||
| 050 | 0 | 0 |
_aBT119 _b.H64 2015 |
| 082 | 0 | 0 |
_a231.3 _bH71 _223 |
| 100 | 1 |
_aHolmes, Christopher R. J., _d1974- , _eautor. |
|
| 245 | 1 | 4 |
_aThe Holy Spirit / _cChristopher R.J. Holmes ; Michael Allen, and Scott R. Swain, general editors. |
| 264 | 1 |
_aGrand Rapids, Michigan : _bZondervan, _c2015. |
|
| 300 |
_a218 páginas ; _c23 entímetros. |
||
| 336 |
_atext _2rdacontent |
||
| 337 |
_aunmediated _2rdamedia |
||
| 338 |
_avolume _2rdacarrier |
||
| 490 | 0 | _aNew studies in dogmatics | |
| 504 | _aÍndice : páginas 215-219. | ||
| 505 | 0 | _a1. Introduction : On learning the Holy Spirit -- Excursus 1. An alternative approach to the Holy Spirit in contemporary theological discourse -- Part 1. Engaging Augustine: the divinity of the Holy Spirit : -- 2. The Spirit and the new birth -- 3. "Heavenly things" -- Part 2. Engaging Thomas: the hypostatic subsistence of the Holy Spirit : -- 4. "Rivers of living water" -- 5. The kingship of Jesus and the Spirit -- Excursus 2. Spirit Christology -- Part 3. Engaging Barth: the other-directed Spirit : -- 6. The redemptive Spirit -- 7. The Spirit of Christ -- Part 4. Correlates: regeneration, church, and tradition : -- 8. Regenerated sight -- 9. Church and tradition -- 10. On theological vision | |
| 520 | _aWho is the Holy Spirit and how does the Spirit come to be in relation to the Father and the Son? What is the mission of the Spirit and where does it come from? Chris Holmes takes up the questions surrounding the Spirit's procession and mission with the help of three of the church's greatest teachers -- Augustine, Thomas Aquinas, and Karl Barth. Drawing on their engagements with the Fourth Gospel, Holmes presents an account of the Spirit's identity, origin, and acts, to show how the acts of the Spirit derive from the Spirit's life in relation to Father and Son -- and the extent to which the Spirit's mission testifies to the Spirit's origin. Holmes presents a way forward for pneumatology. Housed within the doctrine of the Trinity, pneumatology's joyful task is to describe the Spirit's acts among us in light of their source in the Spirit's acts in God. The end of this inquiry is our beatitude -- knowledge of the Trinity that yields to love of the Trinity. | ||
| 526 | _aSEG42 | ||
| 526 | _aSEG41 | ||
| 526 | _aSEG40 | ||
| 526 | _aSEG39 | ||
| 526 | _aP94 | ||
| 526 | _aP87 | ||
| 526 | _aP86 | ||
| 526 | _aP85 | ||
| 526 | _aP77 | ||
| 526 | _aP76 | ||
| 526 | _aP35 | ||
| 650 | 7 |
_aEspíritu Santo _xHistoria de las doctrinas. _2embne |
|
| 910 |
_ajck _bjck _cjck _d20160525 |
||
| 942 |
_2ddc _cBOOK |
||
| 949 |
_a231.3 H71 _wDEWEY _c1 _i73103 _lCCODEBUL1 _mBUL _p12.50 _r0 _sY _tBOOK _u2016-5-25 _xTEOLOGIA _PP85 _0COMPRA _o.STAFF. Posgrado |
||
| 949 |
_a231.3 H71 _wDEWEY _c2 _i73433 _lCCODEBUL1 _mBUL _r0 _sY _tBOOK _u2016-6-16 _xTEOLOGIA _PP35 _0COMPRA _o.STAFF. Colección General |
||
| 949 |
_a231.3 H71 _wDEWEY _c3 _i74934 _lCATALOGING _mBUL _r0 _sY _tBOOK _u2016-12-29 _xPOSGRADO _PP85 _0COMPRA _o.STAFF. Colección TEOLOGIA |
||
| 994 |
_aC0 _bPEPRU |
||
| 596 | _a1 | ||
| 999 |
_a231.3 H71 _wDEWEY _c9499 _i73103 _f2021-11-9 _g6 _lCCODEBUL1 _mBUL _p12.50 _r0 _sY _tBOOK _u2016-5-25 _xTEOLOGIA _PP85 _0COMPRA _o.STAFF. Posgrado _d9499 |
||
| 999 |
_a231.3 H71 _wDEWEY _c2 _i73433 _d2019-11-7 _f2021-11-9 _g6 _lCCODEBUL1 _mBUL _q1 _r0 _sY _tBOOK _u2016-6-16 _xTEOLOGIA _PP35 _0COMPRA _o.STAFF. Colección General |
||
| 999 |
_a231.3 H71 _wDEWEY _c3 _i74934 _d2019-5-14 _e2019-4-12 _f2021-11-9 _g6 _lCCODEBUL1 _mBUL _n3 _q3 _r0 _sY _tBOOK _u2016-12-29 _xTEOLOGIA _PP85 _0COMPRA _o.STAFF. Colección TEOLOGIA |
||
| 980 |
_81 _gALBERTO SANCHEZ Responsable de Automatización |
||